| 000 | 00840nam a2200253 a 4500 | ||
|---|---|---|---|
| 008 | |||
| 020 | _a1855733447 (hbk.) | ||
| 049 | 9 | 9 | _aMAIN |
| 090 | _aHG4028 | ||
| 100 | 1 | _aFoster Back, Philippa. | |
| 245 | 1 | 0 |
_aCorporate cash management : _bstrategy and practice / _cPhilippa Foster Back. |
| 260 |
_aAbington, Cambridge, England : _bWoodhead Pub. Ltd. and Association of Corporate Treasurers, _c1997. |
||
| 300 |
_aix, 196 p. : _bill. ; _c25 cm. |
||
| 440 | 0 | _a[International treasury management series] | |
| 500 | _aSeries statement on jacket. | ||
| 500 | _aIncludes index. | ||
| 650 | 0 |
_aCorporations _xCash position. |
|
| 650 | 0 | _aCash management. | |
| 907 |
_a.b1015484x _b07-04-05 _c25-02-05 |
||
| 003 | |||
| 005 | 20230123134002.0 | ||
| 040 | _cNUST | ||
| 942 |
_cBOOKS _kHG4028 |
||
| 999 |
_c158042 _d158042 |
||